Batailles de l'histoire de France de A à Z - Statistiques

Statistiques générales
  • Ce quiz a été pris 96 fois
  • Le résultat moyen est 21 sur 46
Statistiques - réponses
Hint Date Lieu Côté français Ennemi Soldats notables Commentaire Réponse % Correct
A -52 France Gaulois République Romaine Vercingétorix, Jules César, Marc Antoine Chapitre le plus important de la guerre des Gaules Alésia
92%
A 1415 France Royaume de France Royaume d'Angleterre Jean II le Meingre, Charles d'Albret, Henri V d'Angleterre Grande débâcle française qui remet en question la chevalerie lourde. Azincourt
91%
A 1805 Tchéquie Empire français Troisième coalition Napoléon Ier, Bessières, Lannes, Davout, Murat, Bernadotte, Alexandre Ier de Russie, François Ier d'Autriche Victoire écrasante menant à la dissolution du Saint Empire Austerlitz
82%
M 1515 Italie Royaume de France, République de Venise Confédération suisse, duché de Milan François Ier, Charles III de Bourbon, Maximilien Sforza Bataille dont tout le monde connait la date, et qui est un tournant dans les guerres d'Italie/ Marignan
72%
D 1954 Vietnam République française Viet Minh Christian de Castries Erreur stratégique absurde qui nous met en mauvaise position aux accords de Genève. Dien Bien Phu
70%
B 1214 France Royaume de France Royaume d'Angleterre, Saint Empire, comté de Flandre Philippe Auguste, Montmorency, Otton IV, Jean Sans Terre Victoire décisive dans l'édification d'un Etat français, première fois que les historiens parlent de sentiment national. Bouvines
68%
M 1914 France France, Royaume-Uni Empire Allemand Gallieni, Sarrail, Foch, Franchet d'Espèrey, Moltke, Bülow Victoire accomplie grâce à de fameux taxis Marne
68%
D 1940 France France, Royaume-Uni, Belgique, Canada Reich allemand Général Weygand, Lord Gort Grande retraite des troupes face à l'inéluctabilité de la défaite, sacralisée par Nolan au cinéma. Dunkerque
67%
H 1066 Angleterre Duché de Normandie Royaume d'Angleterre Guillaume le Conquérant, Harold Godwinson Victoire Normande qui débouche sur la reconnaissance des Rollonides comme nouvelle dynastie régnante anglaise. Hastings
67%
W 1815 Belgique Empire français Royaume-Uni, Prusse, Pays-Bas, Hanovre, Nassau, Brunswick Napoléon Ier, Ney, Blücher, Wellington Tristement célèbre, défaite qui enraye définitivement le premier empire Waterloo
61%
I 1806 Allemagne Empire français Royaume de Prusse, électorat de Saxe Napoléon Bonaparte, général Hohenloe Victoire qui aboutit sur la prise de Berlin grâce aux victoire conjointes de Bernadotte et Davout Iéna
59%
V 1916 France France Empire allemand Joffre, Castelnau, Pétain, Nivelle Grande bataille meurtrière qui est sans doute le plus grand instant d'héroïsme français Verdun
59%
P 732 France Royaumes francs, duché d'Aquitaine, duché de Vasconie Califat Omeyyade Charles Martel, Eudes d'Aquitaine, Abd al-Rahman Marque le point le plus au nord où sont parvenus les musulmans, début de la Reconquista Poitiers
58%
B 1942 Libye FFL, Royaume-Uni Italie, Reich allemand Koenig, Rommel Bataille qui fait entrer les forces françaises libres dans l'histoire. Bir-Hakeim
55%
O 1428-1429 France Royaume de France, Royaume d'Ecosse Royaume d'Angleterre Jeanne d'Arc, Gilles de Rais, Montaigu, Talbot Siège qui renverse le cours de la guerre de Cent-Ans. Orléans
55%
D 1915-1916 Turquie République française, Royaume-Uni Empire Ottoman Henri Gouraud, Winston Churchill, Mustapha Kemal Défaite où Gouraud perd un bras et qui consacre l'héroïsme de Churchill et Kemal Dardanelles
53%
L 1627-1628 France Royaume de France, Royaume d'Espagne (catholiques) Royaume d'Angleterre (Protestants) Cardinal de Richelieu, duc de Buckingham, Benjamin de Rohan Siège important des guerres de religion "il faut couper la tête du dragon" La Rochelle
53%
C 1346 France Royaume de France, royaume de Bohème, République de Gênes Royaume d'Angleterre Philippe VI de Valois, Jean Ier de Luxembourg, Edouard III de Plantagenêt, Le Prince Noir Une des défaites les plus écrasantes de la guerre de Cent-Ans qui marque la mort du roi de Bohême Crécy
51%
T 1805 Au large de l'Espagne Empire français, Espagne Empire britannique Villeneuve, Collingwood, Horatio Wilson Défaite navale terrible qui aboutit à la mise en place d'un blocus qui entrave les perspectives du jeune empire. Trafalgar
51%
L 1813 Allemagne Empire français, duché de Varsovie, Royaume de Saxe Sixième coalition Napoléon Bonaparte, Poniatowski, Alexandre Ier de Russie, Bernadotte Défaite terrible qui aboutit à la chute de l'empire peu après. Leipzig
50%
V 1792 France Royaume de France Armée des émigrés, Royaume de Prusse, Saint Empire Dumouriez, Kellerman, Brunswick Bataille légendaire puisque dernière avant la chute de la monarchie française, le lendemain Valmy
50%
W 1809 Autriche Empire français Empire d'Autriche Napoléon Ier, Archiduc Charles Victoire décisive qui anéantit la Cinquième coalition et aboutit au traité de Schönbrunn Wagram
50%
E 1807 Russie (Kaliningrad) Empire français Royaume de Prusse, Empire russe Napoléon Bonaparte, Bagration, Bernadotte, Ney Victoire certes, mais pas celle attendue, ce qui a ses conséquences. Eylau
49%
K 1943 Russie FFL, URSS Reich allemand Joukov, Manstein Plus grande bataille de char de l'histoire, à la présence française anecdotique. Koursk
49%
S 486 France Royaumes francs pouvoir romain Clovis Ier, Sygriagus victoire de Clovis qui marque la fin de la présence romaine en Gaule. Un épisode avec un vase survient juste après. Soissons
49%
S 1916 France France, Empire britannique Empire allemand Haig, Foch, Fayolle, Below Bataille la plus sanglante de la Grande guerre, première utilisation des chars. Somme
47%
U 1805 Allemagne Empire Français Empire d'Autriche Napoléon, Lannes, Ney, Karl Mack Grand succès qui donne à Napoléon le contrôle de la Bavière. Ulm
47%
S 1870 France Empire français Royaumes de Prusse, de Wurtemberg et de Bavière et archiduché de Bade Napoléon III, Mac Mahon, Ducrot, Moltke Défaite écrasante qui provoque la chute du Second empire et l'avènement de l'Empire allemand sous l'égide prussienne Sedan
45%
S 1854-1855 Ukraine Empire français, Empire britannique, Empire ottoman, royaume de Piémont-Sardaigne Empire russe Omer Pacha, Bizot, Pélissier, Mac Mahon, Kornilov "J'y suis j'y reste" prononcé par Mac Mahon lors de la prise de la redoute de Malakov Sébastopol
43%
F 1807 Russie (Kaliningrad) Empire français Quatrième coalition (empire russe) Napoléon, Oudinot, Lannes, Mortier, Bagration Grande victoire qui débouche sur les Accords de Tilsit Friedland
37%
P 1356 France Royaume de France Royaume d'Angleterre Jean II le Bon, Pierre Ier de Bourbon, Le Prince Noir Tournant de la guerre de Cent Ans, où le Prince noir parvient à capturer le roi de France. Poitiers
33%
Y 1781 Etats-Unis Royaume de France, Etats-Unis Royaume de Grande-Bretagne Rochambeau, Washington, Cornwallis Bataille décisive qui fait se retourner le cours de la guerre d'indépendance des Etats-Unis. Yorktown
33%
S 1859 Italie Empire français, royaume de Piémont-Sardaigne Empire autrichien Napoléon III, Victor-Emmanuel II, François Joseph Victoire décisive qui permet la concrétisation du risorgimiento Solférino
30%
T 496 Allemagne Royaumes francs Alamans Clovis Ier, Gibuld Bataille essentielle à la création de l'idée de France, qui repousse les Germains et ouvre une brèche sur les Wisigoths Tolbiac
30%
F 1745 Belgique Royaume de France Provinces-Unies, Royaume de Grande-Bretagne, archiduché d'Autriche Maurice de Saxe, Comte d'Anterroches "Messieurs les Anglais, tirez les premiers" phrase mythique de cette guerre en dentelle Fontenoy
28%
P 1760-1761 Inde Compagnie française des Indes orientales Compagnie britanniques des Indes orientales Comte de Lally, Sir Eyre Coote Bataille qui met fin à la domination française en Inde Pondichéry
28%
R 1643 France Royaume de France Flandres (Espagne) Le Grand Condé, Francisco de Melo Alors que le roi se meurt, le Grand Condé défait les Tercios, unité réputée invincible Rocroi
26%
M 1859 Italie Empire français, Royaume du Piémont-Sardaigne Empire autrichien Napoléon III, Patrice de Mac Mahon Après cette bataille pivot, Mac Mahon en devient duc Magenta
24%
F 1690 Belgique Royaume de France Royaume d'Angleterre, Provinces-Unies, Saint Empire, Royaume d'Espagne Maréchal de Luxembourg, Waldeck Victoire décisive dans la guerre de la Ligue d'Augsbourg Fleurus
18%
A 1759 Canada Royaume de France Royaume d'Angleterre Marquis de Montcalm, Général Wolfe Défaite française où meurent les deux principaux généraux de la guerre de Sept Ans : Wolfe et Montcalm Plaines d'Abraham
16%
T 1823 Espagne Royaume de France, Espagnols conservateurs Espagnols libéraux Moncey, Oudinot, Comte d'Angoulême, Garcès Première grande victoire après la chute de l'empire qui a aujourd'hui son monument dédié Trocadéro
16%
Q 1795 France République française Chouans, armée des émigrés, Grande-Bretagne Hoche, Charles de Sombreuil, Warren Bataille importante de la lutte contre la Chouannerie qui fait la gloire de Hoche. Quiberon
14%
P 1370 France Royaume de France, Duché de Bretagne Royaume d'Angleterre Bertrand du Guesclin, Olivier de Clisson, Robert Knolles Première bataille de Bertrand du Guesclin en tant que connétable. Pontvallain
11%
C 1758 Etats-Unis Royaume de France, Abénaquis Royaume de Grande-Bretagne, Iroquois Marquis de Montcalm, Général Abercrombie Plus grande victoire française de la guerre de Sept Ans Fort Carillon
7%
B 1871 France Forces Versaillaises républicaines Commune de Paris Cissey, Wroblewski Reprise de Paris par la République française, à jamais décrié par les partisans communards. Butte-aux-Cailles
4%
T 1793 France République française Vendée Quétineau, La Rochejacquelein, Cathelineau "si j'avance, suivez-moi, si je recule, tuez-moi, si je meurs, vengez-moi" Thouars
4%
Aucun quiz correspondant
Distribution des résultats
% des personnes avec chaque résultat
Percentile par nombre de réponses
Votre historique - résultats
Vous n’avez pas pris ce quiz